000 04453cam a2201801 4500
003 PE-LiUPU
005 20250813165909.0
020 _a8493133027
035 _a(Sirsi) i9788493133023
035 _a(Sirsi) 48249
035 _a(Sirsi) 48249
041 _aes
044 _aes
082 0 4 _a610.73
_bR87
100 1 _aRovira Gil, Elías
245 _aUrgencias en enfermería /
_cElías Rovira Gil.
264 1 _aMadrid :
_bDifusión Avences de Enfermería,
_c2012
300 _a571 páginas :
_bilustraciones y n. ;
_c28 cm.
_e03 CD-ROM
490 0 _aEnfermería S 21 la enfermería vivaColección Obras Técnicas
500 _aCubierta: Un completo tratado para el aprendizaje y la resolución de problemas en sugerencias.
505 0 _aIntroducción y generalidades -- Concepto de urgencias. Aspectos ético-legales -- El servicio de urgencias -- Los sistemas de emergencias extrahospitalarias -- Valoración del paciente urgente. Atención integral -- alteraciones de la oxigenaci
526 _aP203
526 _aP200
526 _aSEG65
526 _aSEG64
526 _aSEG63
526 _aSEG62
526 _aSEG61
526 _aSEG60
526 _aSEG59
526 _aSEG58
526 _aSEG57
526 _aSEG56
526 _aSEG55
526 _aSEG54
526 _aSEG53
526 _aSEG52
526 _aSEG51
526 _aSEG50
526 _aSEG49
526 _aSEG48
526 _aSEG47
526 _aSEG46
526 _aSEG24
526 _aSEG23
526 _aSEG22
526 _aSEG21
526 _aSEG20
526 _aSEG19
526 _aSEG18
526 _aSEG17
526 _aSEG16
526 _aSEG14
526 _aSEG13
526 _aSEG12
526 _aSEG11
526 _aSEG10
526 _aSEG09
526 _aSEG06
526 _aSEG05
526 _aSEG04
526 _aSEG03
526 _aSEG02
526 _aSEG68
526 _aSEG66
526 _aSEG45
526 _aSEG25
526 _aSEG01
526 _aP163
526 _aP162
526 _aP161
526 _aP160
526 _aP159
526 _aP158
526 _aP157
526 _aP156
526 _aP155
526 _aP154
526 _aP153
526 _aP152
526 _aP151
526 _aP150
526 _aP149
526 _aP142
526 _aP141
526 _aP140
526 _aP139
526 _aP138
526 _aP137
526 _aP132
526 _aP131
526 _aP130
526 _aP126
526 _aP125
526 _aP124
526 _aP123
526 _aP115
526 _aP122
526 _aP121
526 _aP116
526 _a P114
526 _aP112
526 _aP111
526 _aP104
526 _aP103
526 _aP102
526 _aP101
526 _aP100
526 _aP96
526 _aP95
526 _aP93
526 _aP92
526 _aP91
526 _aP88
526 _aP83
526 _aP82
526 _aP79
526 _aP78
526 _aP75
526 _aP74
526 _aP71
526 _aP69
526 _a P51
526 _aP49
526 _aP48
526 _aP47
526 _aP33
526 _aP31
526 _a P30
526 _aP29
526 _aP27
526 _aP26
526 _aP25
526 _aP24
526 _a P22
526 _aP10
526 _aP09
526 _a P08
526 _aP06
526 _aP05
526 _aP04
526 _aP01
650 1 4 _aEnfermería de urgencia
942 _2ddc
_cBOOK
949 _a610.73 R87
_i67119
_lCCODEBUL1
_mBUL
_tLIBRO
_o.STAFF. Colección General
859 _q67119
_h610.73
_iR87
910 _agl
_bjv
_cng
_d20121227
596 _a1
999 _a610.73 R87
_wDEWEY
_c54456
_i66141
_d54456
_e2018-11-8
_f2021-11-3
_g5
_lCCODEBUL1
_mBUL
_n1
_p64.00
_q1
_r0
_sY
_tBOOK
_u2015-7-6
_xSALUD
_PP22
_0COMPRA
_o.STAFF. Colección General
999 _a610.73 R87
_wDEWEY
_c2
_i66142
_d2018-11-11
_e2018-11-6
_f2021-11-3
_g5
_lCCODEBUL1
_mBUL
_n2
_p61.00
_r0
_sY
_tBOOK
_u2015-7-6
_xSALUD
_PP22
_0COMPRA
_o.STAFF. Colección General
999 _a610.73 R87
_wDEWEY
_c3
_i67119
_d2019-8-29
_e2019-8-26
_f2021-11-3
_g5
_lCCODEBUL1
_mBUL
_n2
_p50.00
_q6
_r0
_sY
_tBOOK
_u2015-7-6
_xSALUD
_PP22
_0COMPRA
_o.STAFF. Colección General
980 _81
_gALBERTO SANCHEZ Responsable de Automatización